[Event "R1-2004 Montauban - Muret"]
[Site "Montauban"]
[Date "2004.03.14"]
[Round "6"]
[White "Heude Jean-Noël"]
[Black "Le Ligeour Yann"]
[Result "0-1"]
[WhiteElo "1549"]
[BlackElo "1530"]
[EventDate "2004.??.??"]
[PlyCount "85"]

1.e4 c5 2.c3 d6 3.d4 cxd4 4.cxd4 g6 5.f4 Bg7 6.Nf3 Nf6 7.Bd3 e6 8.O-O O-O 
9.Be3 Qb6 10.b3 Ng4 11.Qd2 Nc6 12.e5 dxe5 13.fxe5 Bxe5 14.dxe5 Qxe3+ 15.
Qxe3 Nxe3 16.Re1 Nd5 17.Nbd2 Rd8 18.Rac1 Ncb4 19.Bb1 Bd7 20.a4 Bc6 21.Rf1 
Ne3 22.Rfe1 Nf5 23.Nc4 Bxf3 24.gxf3 Nd3 25.Bxd3 Rxd3 26.f4 Rad8 27.Nb2 
Rxb3 28.Nd1 Rb4 29.a5 Ra4 30.Rc7 Rxa5 31.Rxb7 Ra1 32.Kf2 Rd2+ 33.Re2 Rdxd1
34.Rb8+ Kg7 35.Reb2 Ra3 36.Ke2 Rh1 37.Kd2 Rxh2+ 38.Kc1 Ra1+ 39.Rb1 Rh1+ 
40.Kc2 Nd4+ 41.Kd3 Rhxb1 42.Rxb1 Rxb1 43.Kxd4 0-1

[Event "R1-2004 Montauban - Muret"]
[Site "Montauban"]
[Date "2004.03.14"]
[Round "6"]
[White "Gilabert David"]
[Black "Pillot Patrice"]
[Result "1-0"]
[WhiteElo "1670"]
[BlackElo "1599"]
[EventDate "2004.??.??"]
[PlyCount "107"]

1.f4 d5 2.Nf3 c5 3.d4 cxd4 4.Qxd4 Nc6 5.Qa4 Qa5+ 6.Qxa5 Nxa5 7.e3 Nf6 8.
Bd2 Nc6 9.Bb5 Bg4 10.Ne5 Rc8 11.h3 Bf5 12.c3 e6 13.O-O Bd6 14.Nf3 a6 15.
Bxc6+ bxc6 16.Nd4 Be4 17.Be1 c5 18.Ne2 Bd3 19.Kf2 Ne4+ 20.Kf3 f5 21.Nd2 
Nxd2+ 22.Bxd2 Be4+ 23.Kf2 h5 24.Ng3 Bd3 25.Rg1 c4 26.Ne2 Rh6 27.Nd4 Bc5 
28.b4 Bxd4 29.exd4 Ra8 30.a4 Kf7 31.b5 a5 32.Ra2 h4 33.Bc1 Be4 34.Ba3 Rh5 
35.b6 Rb8 36.Rb2 Rb7 37.Rb5 Rh8 38.Rc1 Ra8 39.Bd6 Ra6 40.Bc7 Kg6 41.Ra1 
Bc2 42.Rb2 Bb3 43.g3 Kh5 44.gxh4 Kxh4 45.Kf3 g6 46.Bd8+ Kh5 47.h4 Rb8 48.
Bc7 Rb7 49.Re1 Bxa4 50.Rxe6 Ra8 51.Rg2 Rg8 52.Rg5+ Kxh4 53.Rg1 Bd1+ 54.
Rxd1 1-0

[Event "R1-2004 Montauban - Muret"]
[Site "Montauban"]
[Date "2004.03.14"]
[Round "6"]
[White "Delachoux Didier"]
[Black "Rouquet Rémi"]
[Result "1-0"]
[WhiteElo "1180"]
[BlackElo "1320"]
[EventDate "2004.??.??"]
[PlyCount "123"]

1.c4 e5 2.Nc3 Nf6 3.g3 c6 4.Bg2 Bb4 5.a3 Bxc3 6.bxc3 O-O 7.e4 a6 8.d4 d6 
9.dxe5 dxe5 10.Qxd8 Rxd8 11.Nf3 Nxe4 12.Bb2 f6 13.O-O c5 14.Rad1 Nc6 15.
Rxd8+ Nxd8 16.Rd1 Bg4 17.Rd3 Nf7 18.Nd2 Bf5 19.Nxe4 Bxe4 20.Bxe4 Ng5 21.
Bxb7 Rb8 22.Bd5+ Kf8 23.Bc1 Rb1 24.Rd1 Ra1 25.Kg2 Ra2 26.h4 Nf7 27.Bxf7 
Kxf7 28.Kf3 Rc2 29.Bd2 f5 30.Ke3 Ra2 31.Bc1 Rc2 32.Bd2 Ra2 33.Kd3 Rxa3 34.
Bc1 Rb3 35.Bd2 a5 36.Ra1 e4+ 37.Ke3 Rb2 38.Rxa5 Kf6 39.Rxc5 h5 40.Rd5 g5 
41.hxg5+ Kxg5 42.c5 Kg4 43.c6 Rb8 44.Rd7 Rc8 45.c7 h4 46.gxh4 f4+ 47.Kxe4 
Kxh4 48.Bxf4 Kg4 49.f3+ Kh5 50.Rd8 Rxc7 51.Bxc7 Kh6 52.c4 Kh7 53.c5 Kg7 
54.Ba5 Kf7 55.c6 Ke7 56.Rd5 Ke6 57.c7 Ke7 58.c8=Q Kf7 59.Qd7+ Kf8 60.Rf5+ 
Kg8 61.Qf7+ Kh8 62.Rh5# 1-0

[Event "Régionale 1 - 2004"]
[Site "?"]
[Date "2004.03.14"]
[Round "6"]
[White "Verwaerde, Hervé"]
[Black "Sicret, Francis"]
[Result "1-0"]
[WhiteElo "1640"]
[BlackElo "1440"]
[EventDate "2004.??.??"]
[Annotator ",OL"]
[PlyCount "59"]

1.e4 e5 2.Nf3 Nc6 3.d4 exd4 4.Bc4 Bc5 5.c3 dxc3 6.Bxf7+ Kf8 7.Nxc3 Nf6 8.
Bb3 Qe7 9.Bg5 h6 10.Bxf6 gxf6 11.Nh4 Qg7 12.Qh5 Ne5 13.f4 Nd3+ 14.Kd2 Nxf4
15.Qxc5+ d6 16.Qe3 Qg5 17.g3 Ne6 18.Qxg5 Nxg5 19.Ng6+ Kg7 20.Nxh8 Kxh8 21.
Rhf1 Kg7 22.h4 Nh7 23.Nd5 c5 24.Nc7 Rb8 25.Ne8+ Kg6 26.h5+ Kg5 27.Nxd6 Bh3
28.Nf7+ Kxh5 29.Rh1 Kg4 30.Rxh3 1-0

[Event "Régionale 1 - 2004"]
[Site "?"]
[Date "2004.03.14"]
[Round "6"]
[White "Lacresse, Régis"]
[Black "Lanllier, Bruno"]
[Result "1-0"]
[WhiteElo "1850"]
[BlackElo "1950"]
[EventDate "2004.??.??"]
[Annotator ",OL"]
[PlyCount "72"]

1.d4 Nf6 2.g4 Nxg4 3.e4 d6 4.Be2 Nf6 5.Nc3 g6 6.Be3 Bg7 7.Qd2 Ng4 8.Bg5 h6
9.Bh4 g5 10.Bg3 Nc6 11.f3 Nf6 12.O-O-O Bd7 13.f4 e6 14.h4 g4 15.h5 d5 16.
e5 Nh7 17.Bxg4 Ne7 18.Nge2 Bc6 19.Bh4 Qd7 20.Ng3 O-O-O 21.f5 Bf8 22.Rdf1 
Ng5 23.Bxg5 hxg5 24.fxe6 fxe6 25.Rf6 Kb8 26.Bxe6 Qe8 27.Qxg5 Nc8 28.Nf5 
Be7 29.Nxe7 Qxe7 30.Rhf1 Qb4 31.Qf4 Nb6 32.a3 Qe7 33.h6 Nc4 34.Qf3 b5 35.
Bxd5 Bxd5 36.Nxd5 c6 1-0

[Event "Régionale 1 - 2004"]
[Site "?"]
[Date "2004.03.14"]
[Round "6"]
[White "Galby, Vassili"]
[Black "Masot, Liberto"]
[Result "0-1"]
[WhiteElo "1730"]
[BlackElo "1790"]
[EventDate "2004.??.??"]
[Annotator ",OL"]
[PlyCount "50"]

1.e4 d5 2.exd5 Nf6 3.c4 Bg4 4.Be2 Qd7 5.h3 Bf5 6.Nf3 c6 7.dxc6 Nxc6 8.d4 
O-O-O 9.Ne5 Nxe5 10.dxe5 Qc6 11.Qb3 Bxb1 12.Rxb1 Qe4 13.O-O Qxe2 14.exf6 
Rd3 15.Qa4 exf6 16.Qxa7 Qe5 17.b3 Bd6 18.f4 Bc5+ 19.Kh1 Rxh3+ 20.gxh3 Qe4+
21.Kh2 Bxa7 22.Ba3 Rd8 23.Bb4 Qe2+ 24.Kg3 Rd3+ 25.Kh4 Bf2+ 0-1

[Event "Régionale 1 - 2004"]
[Site "?"]
[Date "2004.03.14"]
[Round "6"]
[White "Evrard, Emmanuel"]
[Black "Trier, Marc"]
[Result "1-0"]
[WhiteElo "1710"]
[BlackElo "1620"]
[EventDate "2004.??.??"]
[Annotator ",OL"]
[PlyCount "61"]

1.Nf3 Nf6 2.c4 g6 3.Nc3 Bg7 4.e4 d6 5.d4 O-O 6.h3 e5 7.dxe5 dxe5 8.Bd3 Nc6
9.Bg5 Re8 10.Nd5 Be6 11.Qd2 Bxd5 12.cxd5 Ne7 13.O-O Qd6 14.Rad1 Rad8 15.
Qe2 h6 16.Bc1 Nh5 17.g3 Kh8 18.Nh4 a6 19.Kg2 Rg8 20.Bb1 Rdf8 21.Be3 f5 22.
Rc1 f4 23.Bc5 Qf6 24.Bxe7 Qxe7 25.Nxg6+ Kh7 26.Nxe7 f3+ 27.Qxf3 Rxf3 28.
Kxf3 Rf8+ 29.Kg2 Bf6 30.Rxc7 Rf7 31.d6 1-0

[Event "Régionale 1 - 2004"]
[Site "?"]
[Date "2004.03.14"]
[Round "6"]
[White "Bister, Stéphane"]
[Black "Boulogne, Laurent"]
[Result "1-0"]
[WhiteElo "1870"]
[BlackElo "1790"]
[EventDate "2004.??.??"]
[Annotator ",OL"]
[PlyCount "111"]

1.f4 c5 2.Nf3 Nc6 3.e3 d5 4.Be2 Nf6 5.d3 e6 6.O-O Bd6 7.d4 O-O 8.c3 a6 9.
Ne5 cxd4 10.exd4 Nd7 11.Qe1 f6 12.Nxc6 bxc6 13.Bg4 Re8 14.Bh5 Re7 15.Qh4 
g6 16.Bg4 Qf8 17.Nd2 f5 18.Bd1 Rf7 19.Nf3 Be7 20.Qh3 Rb8 21.Re1 Rf6 22.Ng5
Qg7 23.Nxe6 Rxe6 24.Rxe6 Nf6 25.Rxc6 Bf8 26.Qh4 Ne4 27.Qd8 Bd7 28.Qxb8 
Bxc6 29.Qd8 h6 30.Bb3 Qb7 31.Be3 Kg7 32.Qh4 Be7 33.Qe1 g5 34.fxg5 hxg5 35.
g3 Kg6 36.Qe2 Bd6 37.Qg2 Qb8 38.Rf1 Bb5 39.Re1 Bc6 40.Bc1 Be7 41.Bd1 Qh8 
42.Rf1 g4 43.Bf4 Bf6 44.Bc2 Bxd4+ 45.cxd4 Qxd4+ 46.Kh1 Qc5 47.h4 d4 48.Kh2
Nxg3 49.Qxg3 Qxc2+ 50.Kg1 Kh5 51.Rc1 Qe4 52.Bg5 d3 53.Rxc6 Qxc6 54.Qxd3 
Qb6+ 55.Qe3 Qxb2 56.Qe8# 1-0

[Event "Régionale 1 - 2004"]
[Site "?"]
[Date "2004.03.14"]
[Round "6"]
[White "Ajdari, Emmanuel"]
[Black "Carinola, Raphael"]
[Result "1/2-1/2"]
[WhiteElo "1530"]
[BlackElo "1590"]
[EventDate "2004.??.??"]
[Annotator ",OL"]
[PlyCount "76"]

1.e4 c5 2.Nf3 e6 3.d4 cxd4 4.Nxd4 Nc6 5.Nc3 a6 6.Be3 Qc7 7.Qd2 Nf6 8.f3 
Be7 9.O-O-O O-O 10.g4 Nxd4 11.Bxd4 e5 12.Be3 Qa5 13.g5 Ne8 14.Bc4 Nd6 15.
Bb3 b5 16.Nd5 Qxd2+ 17.Rxd2 Bd8 18.Nb6 Bxb6 19.Bxb6 Nc4 20.Bxc4 bxc4 21.
Rd6 Re8 22.Rhd1 a5 23.R1d5 a4 24.Ra5 Rxa5 25.Bxa5 Re6 26.Rxe6 fxe6 27.Kd2 
Kf7 28.Kc3 d5 29.Bc7 Kg6 30.Bxe5 Kxg5 31.Bxg7 Kf4 32.exd5 exd5 33.Kd4 Bd7 
34.Kc5 Be6 35.Kd6 Bg8 36.b3 cxb3 37.cxb3 axb3 38.axb3 d4 1/2-1/2

[Event "Nationale 4"]
[Site "?"]
[Date "2004.03.14"]
[Round "6"]
[White "Sandel"]
[Black "Calatrava, Julian"]
[Result "1-0"]
[WhiteElo "1570"]
[BlackElo "1660"]
[EventDate "2004.??.??"]
[PlyCount "91"]
[WhiteTeam "Condom"]
[BlackTeam "Castres"]

1.d4 d5 2.Nf3 Nf6 3.c4 dxc4 4.Nc3 Bf5 5.e3 e6 6.Bxc4 Nbd7 7.O-O a6 8.Re1 
Bb4 9.Bd2 Bxc3 10.Bxc3 Ne4 11.Bb4 a5 12.Ba3 c6 13.Bd3 b5 14.Qc2 Qb6 15.
Bxe4 Bxe4 16.Qxe4 b4 17.Bxb4 axb4 18.Rec1 Ra6 19.Ne5 Nxe5 20.Qxe5 O-O 21.
a3 Rfa8 22.Qd6 bxa3 23.bxa3 Rd8 24.Qc5 Qc7 25.g3 Rd5 26.Qc4 Rb6 27.Qa4 h5 
28.e4 Rdb5 29.Qc4 g5 30.Kg2 h4 31.a4 Ra5 32.Kh3 hxg3 33.hxg3 Qd7 34.e5 f5 
35.f4 Qh7+ 36.Kg2 Rb2+ 37.Rc2 Rxc2+ 38.Qxc2 gxf4 39.Qxc6 Qf7 40.Qc8+ Kg7 
41.Qd8 Rd5 42.Qg5+ Kf8 43.Qxf4 Qh5 44.Qe3 Rd7 45.Rh1 Qe8 46.Rh8+ 1-0

[Event "National 4"]
[Site "?"]
[Date "2004.03.14"]
[Round "6"]
[White "Porché"]
[Black "Brugel"]
[Result "1-0"]
[WhiteElo "1620"]
[BlackElo "1680"]
[EventDate "2004.??.??"]
[PlyCount "109"]
[WhiteTeam "Condom"]
[BlackTeam "Castres"]

1.e4 c5 2.c3 Nc6 3.Nf3 g6 4.d4 cxd4 5.cxd4 Bg7 6.Nc3 d6 7.h3 Bd7 8.Be3 e6 
9.Bg5 Qb6 10.Na4 Qa5+ 11.Bd2 Qd8 12.Bf4 e5 13.dxe5 dxe5 14.Bg5 f6 15.Be3 
Nge7 16.Nc5 Qa5+ 17.Qd2 Qxd2+ 18.Nxd2 Bc8 19.Rd1 O-O 20.Bc4+ Kh8 21.Ndb3 
b6 22.Ne6 Bxe6 23.Bxe6 Rad8 24.O-O h6 25.f3 Kh7 26.Kf2 f5 27.Ke2 Nd4+ 28.
Nxd4 exd4 29.Bc1 fxe4 30.fxe4 Nc6 31.b3 Ne5 32.Bd5 Rxf1 33.Rxf1 Rc8 34.Kd1
a5 35.Bb2 Nd3 36.Ba3 b5 37.Kd2 Ne5 38.Bb2 Nc6 39.Rc1 Ne7 40.Rxc8 Nxc8 41.
Kd3 Nd6 42.Bxd4 Bxd4 43.Kxd4 Kg7 44.Kc5 Ne8 45.Bc6 Nc7 46.Kd6 Na6 47.e5 
Kf8 48.e6 Nc7 49.Kxc7 Ke7 50.Bd5 a4 51.b4 a3 52.g3 g5 53.g4 Ke8 54.Kd6 Kd8
55.Bc6 1-0

[Event "National 4"]
[Site "?"]
[Date "2004.03.14"]
[Round "6"]
[White "Pagnoncelli"]
[Black "Bottu"]
[Result "1-0"]
[WhiteElo "1870"]
[BlackElo "2030"]
[EventDate "2004.??.??"]
[PlyCount "85"]
[WhiteTeam "Condom"]
[BlackTeam "Castres"]

1.d4 e6 2.c4 f5 3.Nf3 d6 4.g3 Nf6 5.Bg2 Be7 6.O-O O-O 7.Nc3 c6 8.b3 d5 9.
Bb2 Ne4 10.Ne5 Nd7 11.f3 Nxc3 12.Bxc3 Nxe5 13.dxe5 Qb6+ 14.Kh1 f4 15.Qd2 
fxg3 16.hxg3 Rf5 17.Bh3 Rh5 18.Kg2 Bd7 19.e4 Qc7 20.Bg4 Rg5 21.exd5 cxd5 
22.cxd5 Rxg4 23.fxg4 exd5 24.Rac1 Bc6 25.Bd4 Qd7 26.Qe2 Bb5 27.e6 Bxe2 28.
exd7 Bxf1+ 29.Kxf1 Rd8 30.Rc7 Kf7 31.Rxb7 Bd6 32.Rxa7 g6 33.Bb6 Ke7 34.
Bxd8+ Kxd8 35.Ke2 Bxg3 36.Kd3 h5 37.gxh5 gxh5 38.Kd4 h4 39.Kxd5 h3 40.Kc6 
h2 41.Ra8+ Ke7 42.d8=Q+ Ke6 43.Qh8 1-0

[Event "National 4"]
[Site "?"]
[Date "2004.03.14"]
[Round "6"]
[White "Le Joaré"]
[Black "Vitrou, Jonathan"]
[Result "1-0"]
[WhiteElo "1960"]
[BlackElo "1850"]
[EventDate "2004.??.??"]
[PlyCount "58"]
[WhiteTeam "Castres"]
[BlackTeam "Condom"]

1.d4 d5 2.Nf3 Nf6 3.c4 e6 4.Nc3 c6 5.e3 Nbd7 6.Qc2 Be7 7.g4 h6 8.h4 Nxg4 
9.Bd2 h5 10.e4 Nb6 11.c5 dxe4 12.Nxe4 Nd5 13.Be2 Qc7 14.Nfg5 e5 15.dxe5 
Qxe5 16.Nf3 Qc7 17.Bg5 Qa5+ 18.Bd2 Qc7 19.Bg5 f6 20.Bd2 Bd7 21.Qa4 f5 22.
Nd6+ Bxd6 23.cxd6 Qxd6 24.Rd1 Qc5 25.O-O Nb6 26.Qb3 Qd5 27.Qa3 Qf7 28.Ng5 
Qf6 29.Bxg4 hxg4 1-0

[Event "National 4"]
[Site "?"]
[Date "2004.03.14"]
[Round "6"]
[White "Carivenc, Thierry"]
[Black "Rauzieres, William"]
[Result "1-0"]
[WhiteElo "1750"]
[BlackElo "1830"]
[EventDate "2004.??.??"]
[PlyCount "63"]
[WhiteTeam "Castres"]
[BlackTeam "Condom"]

1.d4 Nf6 2.Nf3 e6 3.e3 b6 4.b3 Bb7 5.Bb2 d5 6.Nbd2 Nbd7 7.Bd3 Be7 8.O-O 
O-O 9.Rc1 c5 10.Ne5 a6 11.Ndf3 b5 12.c4 Qb6 13.dxc5 Bxc5 14.Nxd7 Nxd7 15.
Ng5 g6 16.Nxh7 dxc4 17.Qg4 cxd3 18.Nf6+ Nxf6 19.Bxf6 Qc6 20.f3 Bxe3+ 21.
Kh1 Bh6 22.Rxc6 Bxc6 23.h4 Rac8 24.h5 Kh7 25.hxg6+ fxg6 26.Qxe6 Be8 27.
Qxc8 b4 28.Qxa6 Bf4 29.g4 d2 30.Kg2 Bh6 31.Rh1 Bd7 32.Qd6 1-0

[Event "National 4"]
[Site "?"]
[Date "2004.03.14"]
[Round "6"]
[White "Beaurain"]
[Black "Cazals"]
[Result "0-1"]
[WhiteElo "1860"]
[BlackElo "1850"]
[EventDate "2004.??.??"]
[PlyCount "88"]
[WhiteTeam "Condom"]
[BlackTeam "Castres"]

1.d4 Nf6 2.Nf3 d6 3.Bf4 g6 4.e3 Bg7 5.Be2 O-O 6.O-O Nbd7 7.h3 c5 8.c3 b6 
9.Re1 Bb7 10.Nbd2 Re8 11.Qb3 h6 12.Rad1 cxd4 13.exd4 d5 14.Ne5 e6 15.Bb5 
Rc8 16.Qa4 a6 17.Nxd7 axb5 18.Nxf6+ Qxf6 19.Be5 bxa4 20.Bxf6 Bxf6 21.Nf3 
Ba6 22.Ne5 Re7 23.Ng4 Bg7 24.a3 Bc4 25.Rd2 h5 26.Ne5 Bh6 27.Nxc4 Rxc4 28.
Rde2 Rc8 29.g3 Rce8 30.Kg2 Bg7 31.f4 f6 32.g4 hxg4 33.hxg4 e5 34.f5 gxf5 
35.gxf5 Kf7 36.Rd2 Bh6 37.Rd3 e4 38.Rh3 Rg8+ 39.Kf1 Bg5 40.Re2 Ke8 41.Rg3 
Rh8 42.Reg2 Reh7 43.Ke2 Rh1 44.Rg1 Rxg1 0-1

[Event "National 4"]
[Site "?"]
[Date "2004.03.14"]
[Round "?"]
[White "Alegret Grino, Amadeu"]
[Black "Buiten"]
[Result "1-0"]
[WhiteElo "1590"]
[BlackElo "1499"]
[EventDate "2004.??.??"]
[PlyCount "53"]
[WhiteTeam "Condom"]
[BlackTeam "Castres"]

1.e4 c5 2.c3 Nc6 3.d4 cxd4 4.cxd4 d6 5.Nc3 a6 6.Nf3 g6 7.Bf4 Bg7 8.Bc4 Bg4
9.Bxf7+ Kxf7 10.Ng5+ Ke8 11.Qxg4 Nxd4 12.O-O Nf6 13.Qd1 e5 14.Be3 Nh5 15.
f4 Nxf4 16.Rxf4 exf4 17.Bxd4 Be5 18.Nf3 Qa5 19.Qb3 Qc7 20.Nxe5 dxe5 21.Bb6
Qf7 22.Nd5 Kf8 23.Rc1 Qe6 24.Rc7 Rc8 25.Qb4+ Kg8 26.Rxc8+ Qxc8 27.Ne7+ 1-0

[Event "NE - Rodez / Muret"]
[Site "?"]
[Date "2004.03.14"]
[Round "?"]
[White "De Biasi, Robert"]
[Black "Flourac, Jean-Paul"]
[Result "1-0"]
[WhiteElo "1650"]
[BlackElo "1720"]
[EventDate "2004.??.??"]
[PlyCount "106"]

1.c4 f5 2.Nc3 Nf6 3.Nf3 e6 4.g3 b6 5.Bg2 Bb7 6.O-O Be7 7.d3 O-O 8.Bg5 d6 
9.Re1 Nbd7 10.Nd4 Qc8 11.Bxb7 Qxb7 12.Nxe6 Rf7 13.e4 Ne5 14.Bxf6 Bxf6 15.
Nd5 Re8 16.exf5 c6 17.Nxf6+ Rxf6 18.f4 Nd7 19.Qh5 Re7 20.Nd8 Rxe1+ 21.Rxe1
Qc8 22.Re8+ Nf8 23.Ne6 Qd7 24.Nxf8 Rxf8 25.Rxf8+ Kxf8 26.Qxh7 Qe7 27.Qh8+ 
Kf7 28.Qh5+ Kf8 29.Kg2 Qf6 30.Qh8+ Kf7 31.Qh5+ Kf8 32.Qe2 Qxf5 33.b4 Qf6 
34.b5 cxb5 35.cxb5 Qf5 36.a4 Qd5+ 37.Qe4 Qa2+ 38.Kh3 Qf2 39.Qa8+ Kf7 40.
Qxa7+ Kf6 41.Qc7 Qf1+ 42.Kh4 Qxd3 43.Qd8+ Kf7 44.Qd7+ Kf6 45.Qg4 Qh7+ 46.
Qh5 Qe4 47.Qg5+ Kf7 48.Qh5+ Kf6 49.Qg5+ Kf7 50.Qg4 Kf6 51.f5 Qc2 52.Qg6+ 
Ke7 53.f6+ gxf6 1-0

[Event "N4"]
[Site "?"]
[Date "2004.04.04"]
[Round "7"]
[White "Partinico, Jeremy"]
[Black "Petat, Yannick"]
[Result "1/2-1/2"]
[WhiteElo "1880"]
[BlackElo "1710"]
[EventDate "2004.??.??"]
[Annotator "Muret-Montauban"]
[PlyCount "55"]

1.e4 e6 2.d4 d5 3.Nd2 Nf6 4.e5 Nfd7 5.Bd3 c5 6.c3 Nc6 7.Ne2 cxd4 8.cxd4 
Nb4 9.Bb1 f6 10.exf6 Nxf6 11.Nf3 Bd6 12.Bf4 O-O 13.Bxd6 Qxd6 14.Nc3 Nc6 
15.O-O e5 16.dxe5 Nxe5 17.Nxe5 Qxe5 18.Re1 Qd6 19.Ne4 Qc6 20.Nxf6+ Rxf6 
21.Bd3 Bf5 22.Rc1 Qb6 23.Re3 Qxb2 24.Rc2 Qd4 25.Rd2 Bxd3 26.Rexd3 Qb6 27.
Rxd5 Raf8 28.Qe2 1/2-1/2

[Event "N4"]
[Site "?"]
[Date "2004.04.04"]
[Round "7"]
[White "Nougayrede, Jean louis"]
[Black "Riviere, Gerard"]
[Result "0-1"]
[WhiteElo "1660"]
[BlackElo "1970"]
[EventDate "2004.??.??"]
[Annotator "Muret-Montauban"]
[PlyCount "84"]

1.d4 Nf6 2.c4 e6 3.Nf3 b6 4.g3 Ba6 5.Qc2 c5 6.Bg2 Nc6 7.Be3 Rc8 8.Qa4 cxd4
9.Bg5 Na5 10.Nbd2 Bxc4 11.a3 b5 12.Qd1 Bd5 13.b4 Nc4 14.O-O Be7 15.Nxd4 
Bxg2 16.Kxg2 Nxd2 17.Bxd2 Qb6 18.Nb3 O-O 19.f3 Nd5 20.Rc1 Rc4 21.e4 Ne3+ 
22.Bxe3 Qxe3 23.Re1 Rxc1 24.Nxc1 Qxa3 25.Re2 Qxb4 26.Qxd7 a5 27.Nd3 Qc4 
28.h4 Rd8 29.Qxe7 Qxd3 30.Ra2 h6 31.Qc7 a4 32.Qc5 Qb3 33.Ra3 Qb2+ 34.Kh3 
Qe2 35.h5 Qb2 36.f4 Qe2 37.Re3 Qf1+ 38.Kg4 Rd3 39.Rxd3 Qxd3 40.Qe7 Qxe4 
41.Qe8+ Kh7 42.Qxf7 Qf5+ 0-1

[Event "N4"]
[Site "?"]
[Date "2004.04.04"]
[Round "7"]
[White "Gregory, Daniel"]
[Black "Luneau, Gilles"]
[Result "1-0"]
[WhiteElo "2036"]
[BlackElo "1985"]
[EventDate "2004.??.??"]
[Annotator "Muret-Montauban"]
[PlyCount "103"]

1.Nf3 b5 2.d3 Bb7 3.e4 c5 4.g3 g6 5.Bg2 Bg7 6.O-O d6 7.Re1 Nc6 8.Nbd2 e5 
9.Nf1 Nge7 10.Ne3 O-O 11.Rf1 Nd4 12.Nh4 Qd7 13.c3 Ne6 14.Qe2 Rad8 15.Nd5 
Nxd5 16.exd5 Nc7 17.c4 bxc4 18.dxc4 Ne8 19.Nf3 Nf6 20.Be3 Ba6 21.Rad1 Rb8 
22.b3 Rbe8 23.Qd2 Qd8 24.Qc2 Bc8 25.Nh4 Ng4 26.Bc1 f5 27.Nf3 e4 28.Ne1 Bd4
29.h3 e3 30.fxe3 Nxe3 31.Bxe3 Rxe3 32.Kh2 Rfe8 33.Nf3 Qf6 34.Nxd4 cxd4 35.
Rd3 Qe5 36.Rxe3 Qxe3 37.Rf3 Qe5 38.Qd2 Qe1 39.Qxd4 a6 40.Rf1 Qe2 41.Rf2 
Qe1 42.Qf4 Re2 43.Rxe2 Qxe2 44.Qxd6 Qe8 45.c5 Kg7 46.c6 Kh6 47.Qf6 a5 48.
d6 Be6 49.Qh4+ Kg7 50.Qd4+ Kh6 51.d7 Qd8 52.Qh4+ 1-0

[Event "N4"]
[Site "?"]
[Date "2004.04.04"]
[Round "7"]
[White "De Jong, Arjen"]
[Black "Noailles, Thierry"]
[Result "1-0"]
[WhiteElo "1760"]
[BlackElo "2080"]
[EventDate "2004.??.??"]
[Annotator "Muret-Montauban"]
[PlyCount "79"]

1.e4 d5 2.exd5 Qxd5 3.Nf3 Bg4 4.Be2 Nf6 5.O-O e6 6.Nc3 Qf5 7.h3 h5 8.d4 c6
9.Be3 Bd6 10.Qd2 Bxf3 11.Bxf3 Nbd7 12.a3 O-O 13.Rfe1 Nb6 14.Qe2 Nbd5 15.
Nd1 Nf4 16.Bxf4 Qxf4 17.g3 Qxd4 18.Kg2 h4 19.c3 Qc5 20.Ne3 hxg3 21.fxg3 
Qe5 22.Qf2 Ne4 23.Bxe4 Qxe4+ 24.Kh2 {=} 24...Bc5 25.Re2 Rad8 26.Qe1 Bxe3 
27.Rxe3 Qf5 28.Qe2 Rd5 29.Rf1 {=} 29...Qg6 30.Rd1 Rfd8 31.Rxd5 Rxd5 32.g4 
Qg5 33.Kg3 e5 34.Qf2 Qd8 35.Re2 a6 36.h4 f6 37.Qf5 Rd3+ 38.Kf2 Qd7 39.Qg6 
Qf7 $4 40.Qxd3 1-0

[Event "N4"]
[Site "?"]
[Date "2004.04.04"]
[Round "7"]
[White "Carpentier, Jean christophe"]
[Black "Hoareau, Nicolas"]
[Result "1-0"]
[WhiteElo "2087"]
[BlackElo "1930"]
[EventDate "2004.??.??"]
[Annotator "Muret-Montauban"]
[PlyCount "53"]

1.e4 e6 2.d4 d5 3.Nc3 Nf6 4.Bg5 Bb4 5.e5 h6 6.Bd2 Bxc3 7.bxc3 Ne4 8.Qg4 g6
9.Bd3 Nxd2 10.Kxd2 c5 11.h4 Bd7 12.Nf3 Bc6 13.Qf4 Nd7 14.Nh2 Qe7 15.Ng4 h5
16.Nf6+ Nxf6 17.exf6 Qf8 18.Qc7 cxd4 19.cxd4 Qh6+ 20.f4 O-O 21.Rag1 e5 22.
Qxe5 Rfe8 23.Qg5 Qxg5 24.hxg5 Bd7 25.f5 Re4 26.Bxe4 dxe4 27.g4 1-0

[Event "N4"]
[Site "?"]
[Date "2004.04.04"]
[Round "7"]
[White "Bouthier, Jacques"]
[Black "Zarrouati, Pierre"]
[Result "0-1"]
[WhiteElo "2011"]
[BlackElo "2170"]
[EventDate "2004.??.??"]
[Annotator "Muret-Montauban"]
[PlyCount "32"]

1.e4 e5 2.Nf3 Nc6 3.Bb5 Nd4 4.Nxd4 exd4 5.Bc4 Qh4 6.Qf3 Nf6 7.d3 d5 8.exd5
Bd6 9.Bb5+ Kf8 10.g3 Qh3 11.Qe2 a6 12.Ba4 b5 13.Bb3 Bg4 14.f3 Re8 15.Qxe8+
Kxe8 16.fxg4 Bxg3+ 0-1

[Event "D4R7 Colomiers/Lardenne"]
[Site "Colomiers"]
[Date "2004.04.04"]
[Round "7.8"]
[White "Nguyen, Sebastien"]
[Black "Charifi, Ali babak"]
[Result "1/2-1/2"]
[WhiteElo "1199"]
[BlackElo "1499"]
[EventDate "2004.??.??"]
[PlyCount "81"]

1.c4 e6 2.a3 Nf6 3.Nc3 d5 4.cxd5 exd5 5.Nf3 d4 6.Qa4+ Nc6 7.Nb5 Bc5 8.e3 
dxe3 9.dxe3 Bd7 10.Qc4 Bb6 11.Nbd4 Nxd4 12.Nxd4 O-O 13.Be2 Bxd4 14.Qxd4 
Bc6 15.O-O Qxd4 16.exd4 Rfe8 17.Bc4 Rad8 18.Be3 Bd5 19.b3 c6 20.a4 Ng4 21.
Rfe1 Rd6 22.Rac1 Bxc4 23.bxc4 Rde6 24.Rc3 f5 25.h3 Nxe3 26.Rcxe3 Rxe3 27.
Rxe3 Kf7 28.Rxe8 Kxe8 29.f4 Kd7 30.Kf2 a6 31.c5 Ke6 32.Ke3 Kd5 33.Kd3 h5 
34.h4 g6 35.a5 Ke6 36.Kc4 Kd7 37.d5 Kc7 38.d6+ Kd7 39.Kd4 Ke6 40.g3 Kf6 
41.Kc4 
    ( 41.d7 Ke7 42.Ke5 Kxd7 43.Kf6 b5 44.axb6 Kd8 45.Ke6 Kc8 46.Ke7 Kb7 
    47.Kd6 a5 48.Ke5 Ka6 49.Kd4 Kb7 50.Kc4 Kc8 51.Kb3 {et les blancs 
    gagnent !} )
1/2-1/2

[Event "D4R7 Colomiers/Lardenne"]
[Site "Colomiers"]
[Date "2004.04.04"]
[Round "7.7"]
[White "Avdajic, Ajdin"]
[Black "Foing, Marc"]
[Result "1/2-1/2"]
[WhiteElo "1299"]
[BlackElo "1499"]
[EventDate "2004.??.??"]
[PlyCount "52"]

1.b3 Nf6 2.Bb2 g6 3.Nf3 Bg7 4.e3 O-O 5.d4 d6 6.h3 Nbd7 7.c4 b6 8.Be2 Bb7 
9.O-O Ne4 10.Nc3 Ndf6 11.Nd2 Nxc3 12.Bxc3 e6 13.Bf3 Bxf3 14.Qxf3 d5 15.
Rac1 Rc8 16.Rfd1 Qd6 17.c5 Qe7 18.Bb4 a5 19.Ba3 Rfe8 20.Nb1 b5 21.b4 axb4 
22.Bxb4 c6 23.Nc3 e5 24.a4 exd4 25.exd4 bxa4 26.Nxa4 Rb8 1/2-1/2

[Event "D4R7 Colomiers/Lardenne"]
[Site "Colomiers"]
[Date "2004.04.04"]
[Round "7.6"]
[White "Tran, Vinh Loc"]
[Black "Blesing, Alicia"]
[Result "1-0"]
[WhiteElo "1440"]
[BlackElo "1560"]
[EventDate "2004.??.??"]
[PlyCount "71"]

1.e4 c5 2.Nf3 Nc6 3.d4 cxd4 4.Nxd4 e5 5.Nf3 Nf6 6.Bg5 h6 7.Bxf6 Qxf6 8.c3 
Bc5 9.Bc4 O-O 10.O-O Qg6 11.Nbd2 d6 12.Nh4 Qh7 13.Re1 Ne7 14.Ndf3 g5 15.b4
gxh4 16.bxc5 dxc5 17.Nxe5 Kh8 18.Qh5 Ng6 19.Nxf7+ Rxf7 20.Bxf7 Qxf7 21.
Qxh6+ Qh7 22.Qxh7+ Kxh7 23.g3 h3 24.f4 Bg4 25.e5 Rd8 26.Re3 Rd2 27.Rf1 Ne7
28.e6 Be2 29.Re1 Bc4 30.f5 Rg2+ 31.Kh1 Bd5 32.f6 Rxg3+ 33.Re4 Rxc3 
    ( 33...Rg4 34.fxe7 Bxe4+ 35.Rxe4 Rxe4 36.Kg1 Rxe6 )
34.Kg1 Bxe4 35.Rxe4 Nf5 36.e7 1-0

[Event "D4R7 Colomiers/Lardenne"]
[Site "Colomiers"]
[Date "2004.04.04"]
[Round "7.4"]
[White "Parpinel, Mario"]
[Black "Artis, Paul"]
[Result "1-0"]
[WhiteElo "1780"]
[BlackElo "1560"]
[EventDate "2004.??.??"]
[PlyCount "69"]

1.e4 c6 2.d4 d5 3.Nc3 dxe4 4.Nxe4 Bf5 5.Ng3 Bg6 6.h4 h6 7.Nf3 Nd7 8.Bc4 e6
9.Bb3 Ngf6 10.Qe2 Be7 11.h5 Nxh5 12.Nxh5 Qa5+ 13.Bd2 Bb4 14.Nxg7+ Kf8 15.
c3 Kxg7 16.cxb4 Qf5 17.Nh4 Qe4 18.Qxe4 Bxe4 19.f3 Bd5 20.Bxd5 cxd5 21.Rc1 
Nb6 22.b3 h5 23.Kf2 Rhf8 24.Rc7 Rab8 25.Rhc1 Na8 26.R7c3 f5 27.Bf4 Rbe8 
28.Be5+ Kh7 29.g3 Kg8 30.Ng2 b5 31.Rh1 Rf7 32.Rxh5 Rh7 33.Rxh7 Kxh7 34.Nf4
Kg8 35.Rc1 1-0

[Event "D4R7 Colomiers/Lardenne"]
[Site "Colomiers"]
[Date "2004.04.04"]
[Round "7.3"]
[White "Moiseyev, Vlas"]
[Black "Surre, Frederic"]
[Result "0-1"]
[WhiteElo "1499"]
[BlackElo "1830"]
[EventDate "2004.??.??"]
[PlyCount "74"]

1.e4 e5 2.Nf3 Nc6 3.Bb5 a6 4.Ba4 Nf6 5.O-O Be7 6.c3 b5 7.Bc2 d6 8.d4 O-O 
9.d5 Na5 10.a4 Bd7 11.Nbd2 c6 12.axb5 axb5 13.b4 Nc4 14.Rxa8 Qxa8 15.Nxc4 
bxc4 16.Bg5 cxd5 17.Bxf6 Bxf6 18.Qxd5 Qxd5 19.exd5 Ra8 20.Rc1 Ra2 21.h3 h5
22.Be4 Bd8 23.Bb1 Rb2 24.Rd1 Ba4 25.Rf1 Bb6 26.Be4 Ra2 27.g4 hxg4 28.hxg4 
Bd7 29.Nh2 g6 30.Kg2 f5 31.gxf5 gxf5 32.Bb1 Rb2 33.Nf3 e4 34.Nh4 Rd2 35.
Ng6 Kg7 36.Nh4 Rxd5 37.Ba2 Bb5 {illisible-Les noirs finissent par mater 
avec les deux fous seuls.} 0-1

[Event "D4R7 Colomiers/Lardenne"]
[Site "Colomiers"]
[Date "2004.04.04"]
[Round "7.2"]
[White "Videau, Yannick"]
[Black "Artis, Francois"]
[Result "0-1"]
[WhiteElo "1830"]
[BlackElo "1670"]
[EventDate "2004.??.??"]
[PlyCount "44"]

1.e4 c5 2.Nc3 Nc6 3.f4 g6 4.Bc4 e6 5.Nf3 Bg7 6.O-O Nge7 7.Qe1 f5 8.d3 Na5 
9.Bb3 Nxb3 10.axb3 O-O 11.Ng5 h6 12.Nf3 a6 13.Qg3 Kh7 14.Be3 b6 15.d4 fxe4
16.Nxe4 Nf5 17.Qf2 Bb7 18.Ned2 Nxe3 19.Qxe3 Qc7 20.dxc5 bxc5 21.Ne5 d6 22.
Nd3 Bd4 0-1